Pulling down strongholds / (Record no. 8041)

MARC details
000 -LEADER
fixed length control field 01221cam a2200301 i 4500
001 - CONTROL NUMBER
control field 17806006
003 - CONTROL NUMBER IDENTIFIER
control field GBCCL
005 - DATE AND TIME OF LATEST TRANSACTION
control field 20241126110642.0
008 - FIXED-LENGTH DATA ELEMENTS--GENERAL INFORMATION
fixed length control field 130709s2013 pau 000 0 eng
010 ## -
-- 2013018409
020 ## - INTERNATIONAL STANDARD BOOK NUMBER
International Standard Book Number 9781603748544 (trade pbk. : alk. paper)
040 ## - CATALOGING SOURCE
Original cataloging agency DLC
Language of cataloging eng
Transcribing agency DLC
Description conventions rda
Modifying agency DLC
042 ## -
-- pcc
050 00 -
-- BV4509.5
-- .P749 2013
082 00 - DEWEY DECIMAL CLASSIFICATION NUMBER
Classification number 235.4
Edition information 23
Item number PRI
100 1# - MAIN ENTRY--PERSONAL NAME
Personal name Prince, Derek.
9 (RLIN) 7775
245 10 - TITLE STATEMENT
Title Pulling down strongholds /
Statement of responsibility, etc. Derek Prince.
264 #1 - PRODUCTION, PUBLICATION, DISTRIBUTION, MANUFACTURE, AND COPYRIGHT NOTICE
Place of production, publication, distribution, manufacture New Zealand :
Name of producer, publisher, distributor, manufacturer Derek prince ministries,
Date of production, publication, distribution, manufacture, or copyright notice [2013]
300 ## - PHYSICAL DESCRIPTION
Extent 118 pages ;
Dimensions 16 cm
336 ## - CONTENT TYPE
Content type term text
Source rdacontent
337 ## - MEDIA TYPE
Media type term unmediated
Source rdamedia
338 ## - CARRIER TYPE
Carrier type term volume
Source rdacarrier
520 ## - SUMMARY, ETC.
Summary, etc. "Derek Prince discusses the two unseen spiritual kingdoms--the kingdom of God and the kingdom of Satan--and explains how to bind the "strong man" (Satan) and pull down the "high places" of idolatry in one's life, while establishing one's spiritual roots in Christ"--
Assigning source Provided by publisher.
650 #0 - SUBJECT ADDED ENTRY--TOPICAL TERM
Topical term or geographic name entry element Spiritual warfare.
9 (RLIN) 576
906 ## - LOCAL DATA ELEMENT F, LDF (RLIN)
a 7
b cbc
c orignew
d 1
e ecip
f 20
g y-gencatlg
942 ## - ADDED ENTRY ELEMENTS (KOHA)
Source of classification or shelving scheme Dewey Decimal Classification
Koha item type Books
Koha issues (borrowed), all copies 2
Holdings
Withdrawn status Lost status Source of classification or shelving scheme Damaged status Not for loan Home library Current Library Shelving location Date acquired Total checkouts Full call number Barcode Date last seen Date last checked out Copy number Price effective from Koha item type
    Dewey Decimal Classification     GRACE BIBLE COLLEGE GRACE BIBLE COLLEGE Theology 2019-01-17 1 235.4 PRI 014255 2025-05-01 2019-03-07 c.1 2019-01-17 Books
    Dewey Decimal Classification     GRACE BIBLE COLLEGE GRACE BIBLE COLLEGE Theology 2019-01-17 1 235.4 PRI 014256 2025-05-01 2022-09-27 c.2 2019-01-17 Books
© Grace Bible College Library 2025